|
|
|
|
| LEADER |
00000nab a2200000 a 4500 |
| 001 |
vtls000828518 |
| 003 |
SK-MaSNL |
| 005 |
20260304040940.0 |
| 008 |
141122c2002 xo 0 slo |
| 015 |
|
|
|a SNBRB2003/03-08590
|
| 035 |
|
|
|a CLN000180173
|
| 040 |
|
|
|a SNKBUCL
|b slo
|c SNKBUCL
|e AACR2
|
| 041 |
0 |
|
|a slo
|
| 044 |
|
|
|a xo
|c SK
|
| 080 |
|
|
|a 616.98:616.34:615.015.8:061.3
|2 1997
|
| 245 |
0 |
0 |
|a Enterobacteriaceae produkujúce rôzne typy betalaktamáz získané od pacientov lôžkových oddelení FNsP a Nemocnice VSŽ a.s. v Košiciach
|c Z. Šándorčínová ... [et al.]
|
| 650 |
0 |
7 |
|a abstrakty z kongresu
|2 snkbucl
|9 168204
|
| 650 |
0 |
7 |
|a enterobaktérie
|2 snkbucl
|9 22860
|
| 650 |
0 |
7 |
|a antimikrobiálna rezistencia
|2 snkbucl
|9 78797
|
| 650 |
0 |
7 |
|a beta-laktamázy
|2 snkbucl
|9 847399
|
| 655 |
|
7 |
|a články z novín a časopisov
|2 snkbucl
|9 267496
|
| 700 |
1 |
|
|a Šándorčínová, Z.
|4 aut
|9 830901
|
| 700 |
1 |
|
|a Virágová, S.
|4 aut
|9 1240269
|
| 700 |
1 |
|
|a Siegfried, Leonard,
|d 1956-
|4 aut
|9 195307
|
| 700 |
1 |
|
|a Takáčová, V.
|4 aut
|9 835558
|
| 700 |
1 |
|
|a Studená, Antigona,
|d 1938-
|4 aut
|9 9435
|
| 700 |
1 |
|
|a Katuchová, J.
|4 aut
|9 1240274
|
| 773 |
0 |
|
|t Správy klinickej mikrobiológie
|g Roč. 2, č. D (2002), s. 15-16
|x 1335-8219
|
| 850 |
|
|
|a Slovenská národná knižnica v Martine
|
| 852 |
|
|
|a SNK
|b KIS3GCP
|
| 958 |
|
|
|a MI
|
| 999 |
|
|
|c 2665778
|d 2667708
|